| 000 | 00905cab a2200241 4500 | ||
|---|---|---|---|
| 001 | ABS43360 | ||
| 008 | 090401t1990 xxu||||| |||| 00| 0 eng d | ||
| 035 | _a(Sirsi) u41443 | ||
| 041 | _aeng | ||
| 100 | _aMcGregor, J. | ||
| 245 | 4 | _aThe appraisal and screening of applications in the commercial mortgage market | |
| 260 | _c1990 | ||
| 350 | _a0 | ||
| 490 |
_aJournal of Property Finance _v1(1) Summer 1990, 11-17(7) |
||
| 520 | _aReviews the process of appraising and screening commercial mortgage applications, highlighting specific factors which a lender should consider with regard to security , ability to service the borrowing and the qualities and skills of the potential borrower. | ||
| 650 | _aBANKS | ||
| 650 | _aPROPERTY-COMMERCIAL PROPERTY | ||
| 650 | _aFUNDING | ||
| 650 | _aLENDING | ||
| 690 | _aPROPERTY-PROPERTY FINANCE AND INVESTMENT | ||
| 942 | _n0 | ||
| 948 | _c04/03/1997 | ||
| 999 |
_c26630 _d26630 |
||